| 000 | 00000nam 2200000zi 4500 |
| 001 | 9.907210 |
| 003 | CaOODSP |
| 005 | 20240214134605 |
| 006 | m o d f |
| 007 | cr ||||||||||| |
| 008 | 220121e202203##oncd ob f000 0 fre d |
| 020 | |a9780660417431 |
| 040 | |aCaOODSP|bfre|erda|cCaOODSP |
| 043 | |an-cn--- |
| 086 | 1 |aH144-100/2022F-PDF |
| 245 | 00|aÉvaluation scientifique canadienne des effets sur la santé des particules fines (PM2.5). |
| 264 | 1|aOttawa (Ontario) : |bSanté Canada = Health Canada, |cmars 2022. |
| 264 | 4|c©2022 |
| 300 | |a1 ressource en ligne (vi, 120 pages) : |bgraphiques |
| 336 | |atexte|btxt|2rdacontent/fre |
| 337 | |ainformatique|bc|2rdamedia/fre |
| 338 | |aressource en ligne|bcr|2rdacarrier/fre |
| 500 | |aLe fichier de publication original en format PDF a été remplacé avec une version accessible le 14-02-2024 à la requête de Santé Canada. |
| 500 | |aPublié aussi en anglais sous le titre : Canadian health science assessment for fine particulate matter (PM2.5). |
| 504 | |aComprend des références bibliographiques (pages 95-117). |
| 650 | 6|aMatière particulaire|xAspect sanitaire|zCanada. |
| 650 | 6|aAir|xPollution|xAspect sanitaire|zCanada. |
| 710 | 1 |aCanada. |bSanté Canada, |eorganismes de publication. |
| 775 | 08|tCanadian health science assessment for fine particulate matter (PM2.5).|w(CaOODSP)9.907208 |
| 856 | 40|qPDF|s1.69 Mo|uhttps://publications.gc.ca/collections/collection_2022/sc-hc/H144-100-2022-fra.pdf |
| 986 | |a210612 |